Before and After Movies Quiz Stats

Quiz Updated Apr 8, 2016

Challenge
Share
Tweet
Score 0/30 Timer 10:00
0 Plays Today
% Correct
The Lion King Kong
99.1%
A Bug's Life of Pi
90.2%
American Beauty and the Beast
85%
Office Space Jam
82.4%
A Few Good Men in Black
74.1%
American History X-Men
73.6%
Old School of Rock
66.7%
Jurassic World War Z
64.1%
Fantastic Four Weddings and a Funeral
63.5%
Shaun of the Dead Poets Society
63.4%
The Dark Knight and Day
62.8%
Stand by Me, Myself, & Irene
58.6%
Guardians of the Galaxy Quest
56.3%
Stuart Little Miss Sunshine
54.7%
The Grand Budapest Hotel Transylvania
52.7%
% Correct
Dumb and Dumber To Kill a Mockingbird
51.4%
Licence to Kill Bill
51.4%
Just Friends With Benefits
49.9%
Iron Man on a Ledge
49.1%
The Day After Tomorrow Never Dies
47.8%
Into the Wild Wild West
46.9%
Mad Max: Fury Road to Perdition
42.1%
The Man from U.N.C.L.E. Buck
40.1%
Due Date Night
38.3%
Crazy, Stupid, Love Actually
37%
Apocalypse Now You See Me
35.6%
The Hateful Eight Legged Freaks
35.1%
Sin City of God
34.8%
Tinker Tailor Soldier Spy Kids
32.9%
The Woman in Black Mass
23.5%

You're not logged in!

Compare scores with friends on all Sporcle quizzes.
Sign Up with Email
OR
Log In

You Might Also Like...

Show Comments

Extras

Top Quizzes Today


Score Distribution

Your Account Isn't Verified!

In order to create a playlist on Sporcle, you need to verify the email address you used during registration. Go to your Sporcle Settings to finish the process.